| 000 | 00705cab a2200205 4500 | ||
|---|---|---|---|
| 001 | A230 | ||
| 008 | 090401t1980 xxu||||| |||| 00| 0 eng d | ||
| 035 | _a(Sirsi) u27938 | ||
| 041 | _aeng | ||
| 245 | _aCases heard under the Land Compensation Act 1973 | ||
| 260 | _c1980 | ||
| 350 | _a0 | ||
| 490 |
_aRICS Abstracts and Reviews _v16(8) August 1980, 135-137(3) |
||
| 520 | _aR445. Annotates all published cases up to mid-1980 heard under Land Compensation Act 1980. Organised as Act. | ||
| 650 | _aCASE LAW | ||
| 650 | _aLAND COMPENSATION ACT 1973 | ||
| 690 | _aENVIRONMENTAL AND LAND CONSULTANCY-PLANNING AND DEVELOPMENT-COMPULSORY PURCHASE AND COMPENSATION | ||
| 942 | _n0 | ||
| 948 | _c04/03/1997 | ||
| 999 |
_c18834 _d18834 |
||